[Event "VI Sunway Sitges Open 2019"]
[Site "Sitges"]
[Date "2019.12.20"]
[Round "8.11"]
[White "Edouard, Romain"]
[Black "Aroshidze, Levan"]
[Result "1/2-1/2"]
[WhiteElo "2653"]
[BlackElo "2514"]
[Annotator "TA"]
[PlyCount "111"]
[EventDate "2019.12.13"]
[EventType "swiss"]
[EventCountry "ESP"]
[SourceTitle "playchess.com"]
[Source "ChessBase"]
[SourceQuality "1"]

{[%evp 28,111,19,0,14,7,1,0,0,8,0,0,0,0,6,3,35,-47,-31,-50,-48,-48,-66,-66,-54,-104,-102,-95,-93,-237,-247,-262,-231,-267,-255,-234,-229,-450,-444,-491,-492,-446,-108,-108,-66,-217,-216,-258,-77,-80,-80,-80,-80,-78,-76,-83,-100,-99,-67,-241,-60,-309,-206,-214,-213,-209,-72,-69,-74,-96,-13,-20,-19,-20,-16,-20,-9,-9,-9,-9,-9,-9,-9,-9,-9,-9]} 1. e4 c5 2. Nf3 e6 3. d4 cxd4 4. Nxd4 Nc6 5. Nc3 Qc7 6. Be2 a6 7. O-O Nf6 8. Be3 Be7 9. f4 d6 10. Qe1 O-O 11. Kh1 Nxd4 12. Bxd4 b5 13. Qg3 Bb7 14. a3 Bc6 15. Rae1 Rac8 {B85: Sicilian Scheveningen: 6 Be2 a6, lines with early Be3} (15... Rad8 16. Bd3 Qd7 17. b4 Nh5 18. Qg4 Nf6 19. Qg3 Nh5 20. Qg4 Nf6 21. Qg3 Qb7 22. Qh3 h6 23. Rf3 Qc8 {1-0 (56) Azarov,S (2575)-So,W (2765) chess.com INT 2019}) 16. Bd3 e5 17. fxe5 Nh5 18. Qe3 {Threatens to win with Rf5.} dxe5 19. Bxe5 Qxe5 20. Rf5 Qe6 21. Rxh5 Rfe8 $146 ({Predecessor:} 21... Qg4 22. Rh3 Bg5 23. Qf2 {½-½ (55) Prasanna Raghuram,R (2455)-Tzouganakis,P (2185) Paleochora 2014}) 22. Qg3 ({White should play} 22. Nd5 $14) 22... Qg6 $40 {[%mdl 128] Black has some attack.} 23. Qf3 Bf6 24. Nd5 Bxb2 25. Rf1 Be5 $1 26. Qh3 {[#]} Bd7 $1 {[%mdl 512]} 27. Qh4 (27. Qxd7 Qxh5) 27... f6 28. Ne3 (28. Rf3 $17) 28... Rc3 $19 29. Nf5 Rxa3 30. Qh3 Kh8 31. Rh4 Ra1 32. Qf3 $2 (32. Rxa1 {was necessary.} Bxa1 33. Be2) 32... Rxf1+ 33. Bxf1 Qg5 34. g3 Bxf5 $2 (34... Qc1 $19 35. Kg1 g6) 35. exf5 $17 Rc8 {And now ...Qc1 would win.} 36. Qb7 $2 ({Better is} 36. Bd3 $1 $15) 36... Rb8 $19 37. Qc6 {[#]} Qc1 $2 (37... Qd2 $1 $19 {is more deadly. Hoping for ...h6.} 38. Bd3 Qf2) 38. Kg2 $17 Qd2+ 39. Kh3 Qf2 40. Bd3 Qb6 41. Qf3 h6 42. Qh5 Qc6 43. Rg4 $2 (43. Qf7 $1 $15) 43... Qe8 $2 (43... Qd7 $19 {...a5 is the strong threat.} 44. Rh4 a5) 44. Rg6 $2 ({Only move:} 44. Qxe8+ $15 Rxe8 45. Rb4) 44... Bc3 45. Qf3 {[#]} a5 $1 46. Be4 Bd2 (46... Be5 $19 {has better winning chances. Strongly threatening ...Rc8.} 47. Bd5 Qc8) 47. Bc6 Qe5 48. Qd3 Bb4 ({Black should try} 48... Qc7 $17 49. Bxb5 Bg5) 49. Rg4 $1 $11 {The position is equal.} Be7 50. Rd4 Qc5 51. Bd7 Rd8 52. Rd5 Qc4 53. Qxc4 bxc4 54. Be6 Rxd5 55. Bxd5 c3 56. Kg4 {Accuracy: White = 42%, Black = 44%.} 1/2-1/2

[Event "VI Sunway Sitges Open 2019"]
[Site "Sitges"]
[Date "2019.12.20"]
[Round "8.12"]
[White "Tabatabaei, M.amin"]
[Black "Sadzikowski, Daniel"]
[Result "1-0"]
[WhiteElo "2635"]
[BlackElo "2504"]
[Annotator "TA"]
[PlyCount "115"]
[EventDate "2019.12.13"]
[EventType "swiss"]
[EventCountry "ESP"]
[SourceTitle "playchess.com"]
[Source "ChessBase"]
[SourceQuality "1"]

{[%evp 9,115,0,13,12,18,20,29,27,13,8,7,12,12,12,16,16,20,4,6,0,0,8,12,4,0,3,10,0,0,-5,0,0,0,0,0,0,0,-10,0,0,67,0,0,0,0,0,0,0,0,0,0,0,0,0,0,0,4,2,13,2,8,9,55,67,252,239,631,631,814,814,801,786,784,773,732,705,2460,29972,29972,29973,29973,29974,29974,29975,29975,29976,29976,29977,29977,29978,29978,29979,29979,29980,29981,29982,29983,29984,29984,29985,29985,29986,29986,29987,29985,29985,29982,29983]} 1. d4 d5 $146 ({Predecessor:} 1... Nf6 2. c4 e6 3. Nf3 {½-½ (20) Neiksans,A (2584)-Grandelius,N (2653) Sweden 2017}) 2. c4 e6 3. Nf3 Nf6 4. g3 Bb4+ 5. Bd2 Bd6 6. Bg2 {E01: Catalan: Early deviations} c6 7. Nc3 Nbd7 8. b3 {White has an edge.} dxc4 9. bxc4 e5 10. e3 exd4 11. exd4 Qe7+ 12. Ne2 Ne4 13. O-O Nxd2 14. Qxd2 O-O 15. Rfe1 Nf6 16. c5 {Threatens to win with Nc3.} Bc7 17. Nc3 Qd8 18. Ne5 Be6 19. Rab1 Bxe5 20. Rxe5 Qc7 21. Ne4 Nxe4 22. Bxe4 Rad8 {Hoping for ...Qxe5!} 23. Re1 Rd7 24. Bc2 Rd5 (24... Qd8 $11) 25. Bb3 (25. R5e4 $1 $14) 25... Rxe5 $11 26. Rxe5 Bxb3 27. axb3 {[%mdl 4096] Endgame KQR-KQR} f6 28. Re6 Rd8 29. Qe2 {Re8+ is the strong threat.} Kf7 30. Re4 $36 {[%mdl 2048] White is pushing.} Qd7 31. Qh5+ Kg8 32. b4 a6 33. h4 g6 34. Qf3 f5 35. Re5 Qxd4 36. Re7 $1 a5 $2 ({Avoid the trap} 36... Qxb4 $2 37. Qe2 $18) (36... Rd7 $14 37. Qb3+ Rd5) 37. bxa5 $18 {Black must now prevent Qb3+.} Qxc5 $2 (37... Qd1+ 38. Kg2 Qxf3+ 39. Kxf3 Rf8) 38. Qb3+ Qd5 39. Qxb7 Qd1+ {[#]} 40. Kg2 $1 {[%mdl 512] White wants to mate with Rg7+.} Qd5+ 41. Kh2 {Intending Rg7+ and mate.} Qd4 42. Kh3 f4 43. Qxc6 Qa1 {White mates.} 44. Qc4+ Kh8 {[#]} 45. Qf7 $1 {[%csl Ge7][%cal Rf7h7]} Qf1+ {[#]} 46. Kg4 $1 {[%csl Ge7][%cal Rf7h7]} Qd1+ {[#]} 47. f3 $1 {[%csl Ge7][%cal Rf7h7]} h5+ 48. Kg5 {[%csl Ge7][%cal Rf7h7]} Qd5+ 49. Qxd5 Rxd5+ {KR-KR} 50. Kh6 {[%cal Re7e8]} Kg8 51. a6 fxg3 52. a7 Rd8 53. Rb7 g2 {[#]} 54. Rb8 $1 {[%mdl 512]} g1=Q 55. Rxd8+ Kf7 56. a8=Q Qe3+ 57. Kh7 Qe7 {[#]} 58. Rf8+ $3 {[%mdl 512] Accuracy: White = 75%, Black = 62%.} 1-0

[Event "VI Sunway Sitges Open 2019"]
[Site "Sitges"]
[Date "2019.12.20"]
[Round "8.13"]
[White "Bjerre, Jonas Buhl"]
[Black "Vocaturo, Daniele"]
[Result "1-0"]
[WhiteElo "2526"]
[BlackElo "2627"]
[Annotator "TA"]
[PlyCount "121"]
[EventDate "2019.12.13"]
[EventType "swiss"]
[EventCountry "ESP"]
[SourceTitle "playchess.com"]
[Source "ChessBase"]
[SourceQuality "1"]

{[%evp 23,133,20,20,25,19,18,16,10,26,41,33,35,32,18,18,18,21,19,15,19,13,15,12,8,19,8,8,10,17,15,14,13,14,13,14,14,61,68,68,16,18,14,15,9,10,11,33,14,13,14,35,38,44,42,41,33,56,27,50,45,51,45,81,76,89,77,101,101,126,106,92,100,109,80,79,78,88,89,1111,979,750,700,2320,2597,7358,6228,29958,29958,29960,29960,29957,29961,29956,29956,5097,29959,5437,5016,29982,29983,29983,29984,29984,29985,29986,29987,29987,29987,29986,29986,29986,29987]} 1. d4 Nf6 2. c4 e6 3. Nf3 d5 4. g3 dxc4 5. Bg2 c5 6. O-O Nc6 7. dxc5 Qxd1 8. Rxd1 Bxc5 9. Nbd2 c3 10. bxc3 O-O 11. Nb3 Be7 12. Nfd4 Bd7 13. Nb5 {E04: Open Catalan: 5 Nf3} Ne5 14. Ba3 Bxa3 15. Nxa3 {[#] The position is equal.} Bc6 $146 ({Predecessor:} 15... Rac8 16. Bxb7 Rxc3 17. Rac1 Rxc1 18. Rxc1 Rb8 19. Na5 Kf8 20. Rc5 Ng6 {½-½ (30) Lysyj,I (2596)-Kryvoruchko,Y (2669) Mali Losinj 2019}) 16. f4 Neg4 17. Bxc6 bxc6 18. Nc4 Ne4 19. Kg2 Nxc3 20. Rd3 Nd5 21. Rc1 Nb4 22. Rd2 Rfd8 23. Rxd8+ Rxd8 24. h3 Nf6 25. a3 Nbd5 26. Ne5 Ne7 27. Nxc6 Nxc6 28. Rxc6 $11 {[%mdl 4096] Endgame KRN-KRN} Kf8 29. Nc5 Ne8 30. Ra6 Rd5 31. Nd3 (31. Nb7 $14) 31... Rd7 32. Ne5 Rb7 33. a4 Nc7 34. Rd6 {aiming for Rd7.} Ne8 35. Rc6 f6 36. Nd3 Rb6 37. Rc8 Ke7 38. Nc5 a6 39. Kf3 h5 40. e3 g6 41. g4 hxg4+ 42. hxg4 e5 {[#]} 43. fxe5 $1 fxe5 44. g5 Nd6 45. Rc7+ Kd8 46. Rd7+ Ke8 47. Ra7 Nf7 48. Ne4 {And now Nf6+ would win.} ({But not} 48. Rxa6 $6 Rxa6 49. Nxa6 Nxg5+ 50. Kg4 Nf7 $11) 48... Kf8 49. a5 Rc6 50. Ke2 Nd6 $2 {[%mdl 8192] [#]} (50... Nd8 $16) 51. Nxd6 $1 $18 Rxd6 {KR-KR} 52. Kf3 Rd5 53. Rxa6 e4+ 54. Kxe4 Rxg5 55. Ra8+ Kg7 56. a6 Ra5 57. a7 Ra1 58. Ke5 Ra5+ 59. Kf4 Rf5+ 60. Kg4 {White threatens Rc8 and mate.} Rf7 {[#]} 61. e4 {Played: Ra8-g8} 1-0

[Event "VI Sunway Sitges Open 2019"]
[Site "Sitges"]
[Date "2019.12.20"]
[Round "8.14"]
[White "Saduakassova, Dinara"]
[Black "Nihal Sarin"]
[Result "0-1"]
[WhiteElo "2505"]
[BlackElo "2612"]
[Annotator "TA"]
[PlyCount "98"]
[EventDate "2019.12.13"]
[EventType "swiss"]
[EventCountry "ESP"]
[SourceTitle "playchess.com"]
[Source "ChessBase"]
[SourceQuality "1"]

{[%evp 18,98,16,22,18,20,16,-20,-15,-26,-20,-33,-23,-50,-44,-93,-29,-41,-24,-24,6,-18,-18,-50,-29,-37,-50,-45,0,-13,-14,-70,-52,-60,0,0,9,-11,6,-33,-32,-33,-27,-39,-27,-40,-16,-31,0,-32,-41,-75,-14,-95,-89,-111,-50,-99,-105,-115,-109,-294,-252,-295,-237,-252,-245,-672,-668,-707,-676,-1060,-994,-891,-681,-664,-663,-600,-581,-1124,-813,-880,-856]} 1. d4 Nf6 2. c4 e6 3. Nf3 d5 4. g3 Bb4+ 5. Bd2 Be7 6. Bg2 O-O 7. O-O Nbd7 8. Qc2 Ne4 9. Bf4 c6 10. Nc3 g5 {[#] Strongly threatening ...Nxc3. E08: Closed Catalan: Main Line: 7 Qc2} 11. Be3 Nd6 12. cxd5 (12. b3 {is more complex.} Nf5 13. cxd5 Nxe3 14. fxe3 g4 15. Ne1) (12. b3 Nf5 13. Bd2 g4 14. Ne1 Nxd4 15. Qd1 Bf6 16. e3 Nf3+ 17. Nxf3 gxf3 18. Qxf3 {1-0 (81) Grischuk,A (2766)-Nakamura,H (2754) Paris 2019}) 12... exd5 {The position is equal.} 13. Qc1 {[%cal Rf3g5]} f6 $146 ({Predecessor:} 13... h6 14. h4 f6 15. Na4 Nb6 16. Nc5 Nbc4 17. b3 Nxe3 18. Qxe3 {½-½ (51) Kezin,R (2439)-Vakhlamov,I (2405) Moscow 2017}) 14. Bd2 Nb6 15. h4 {[%cal Rh4g5]} h6 16. Nh2 f5 (16... gxh4 $17 17. Nf3 (17. gxh4 Kh8 $15) 17... hxg3) 17. Nf3 $11 {[%cal Rh4g5]} Nf7 18. b3 Be6 19. hxg5 hxg5 20. Qc2 Kg7 21. Na4 Nxa4 22. bxa4 Qd7 23. Rab1 b6 24. Bb4 (24. Qc3 $11) 24... Bxb4 $15 25. Rxb4 Qd6 ({Black should play} 25... f4 $15 26. gxf4 Bh3) 26. Rb3 $11 Bd7 27. a5 b5 28. Qc5 Qxc5 29. dxc5 a6 30. a4 Kf6 ({But not} 30... bxa4 31. Rb7 $14) 31. Ra1 Ra7 32. Nd4 Rfa8 33. Nc2 Ne5 34. Nb4 Rb8 ({Black should try} 34... bxa4 $17 35. Rba3 Rb8 36. Rxa4 Nc4) 35. Nd3 (35. Nc2 $11 {remains equal.}) 35... Nxd3 $17 36. exd3 {[#]} Re8 (36... f4 $1 $17) 37. Kf1 f4 38. d4 Bf5 39. Rc3 $2 (39. axb5 $17 axb5 40. Rba3) 39... b4 $19 40. Rb3 Rb7 41. Rc1 Bg4 42. f3 $2 (42. Kg1) 42... Bf5 {Black is clearly winning.} 43. g4 Bg6 44. Re1 {With the idea Rxe8.} Bc2 45. Rb2 Bd3+ 46. Kf2 Rxe1 47. Kxe1 Bc4 48. Kd1 b3 49. Kd2 Rb4 {Accuracy: White = 28%, Black = 52%.} 0-1

[Event "VI Sunway Sitges Open 2019"]
[Site "Sitges"]
[Date "2019.12.20"]
[Round "8.15"]
[White "Karthikeyan, Murali"]
[Black "Krzyzanowski, Marcin"]
[Result "1-0"]
[WhiteElo "2611"]
[BlackElo "2506"]
[Annotator "TA"]
[PlyCount "75"]
[EventDate "2019.12.13"]
[EventType "swiss"]
[EventCountry "ESP"]
[SourceTitle "playchess.com"]
[Source "ChessBase"]
[SourceQuality "1"]

{[%evp 13,75,27,18,17,38,16,12,18,37,22,21,28,50,48,62,50,40,32,112,107,104,118,110,125,163,153,162,150,189,192,220,204,221,217,285,298,279,246,251,193,205,202,224,227,241,269,243,250,239,257,448,445,493,492,870,865,908,893,908,799,856,838,705,629]} 1. e4 e5 2. Nf3 Nc6 3. Bb5 a6 4. Ba4 Nf6 5. O-O Bc5 6. c3 O-O 7. d4 Ba7 8. Re1 $146 {C78: Ruy Lopez: Archangelsk and Möller Defences} (8. Bg5 h6 9. Bh4 exd4 10. Re1 d6 11. Nxd4 Ne5 12. h3 b5 13. Bc2 Bb7 14. Nd2 Re8 15. f4 Ng6 {½-½ (43) Fedoseev,V (2671)-Vitiugov,N (2728) Izhevsk 2019}) 8... d6 9. h3 (9. Bxc6 $5 bxc6 10. h3 $11) 9... b5 10. Bc2 {The position is equal.} h6 11. Be3 Re8 12. Nbd2 Bb7 13. a3 {[%cal Ba2a3,Ba3a4][%mdl 32]} Nb8 14. a4 exd4 15. Nxd4 Bxd4 ({Better is} 15... Nc6 $14) 16. cxd4 $16 ({Don't take} 16. Bxd4 Nc6 $14) 16... Nbd7 17. f3 c5 18. Nf1 Rc8 19. axb5 axb5 20. Ng3 Qc7 {Black wants to play ...cxd4.} 21. Rc1 h5 22. Qd2 g6 23. b4 cxd4 24. Bxd4 Ne5 25. Bb3 Qe7 26. Rxc8 Bxc8 27. Ra1 Be6 28. Ra7 Qd8 29. Bxe6 Rxe6 30. Qa2 {aiming for Ra8.} Ne8 {[#]} 31. Ne2 $1 {[%cal Re2f4]} Nc6 $2 (31... Qh4 32. Qd2 Re7) 32. Ra8 $18 {White is clearly winning.} Qg5 33. Qd5 Ne5 (33... Qxd5 $142 34. exd5 Nxd4 35. Nxd4 Re7) 34. f4 Nf3+ 35. Kf2 Qxd5 36. exd5 Rxe2+ 37. Kxe2 Nxd4+ 38. Kd3 {Accuracy: White = 89%, Black = 47%.} 1-0

[Event "VI Sunway Sitges Open 2019"]
[Site "Sitges"]
[Date "2019.12.20"]
[Round "8.16"]
[White "Adly, Ahmed"]
[Black "Gordon, Stephen J"]
[Result "1-0"]
[WhiteElo "2607"]
[BlackElo "2495"]
[Annotator "TA"]
[PlyCount "141"]
[EventDate "2019.12.13"]
[EventType "swiss"]
[EventCountry "ESP"]
[SourceTitle "playchess.com"]
[Source "ChessBase"]
[SourceQuality "1"]

{[%evp 17,141,0,0,0,0,0,5,0,-5,-16,-14,-2,0,0,0,0,0,-1,12,12,15,12,36,12,69,7,22,0,0,0,0,0,33,47,118,118,118,98,151,148,329,339,304,175,216,120,322,215,383,98,98,98,98,98,98,98,98,98,98,96,98,98,98,98,98,98,98,98,98,98,144,144,152,123,207,183,192,152,152,152,169,124,124,124,124,124,124,124,124,102,124,124,131,55,78,0,0,0,12849,12849,12850,12851,12851,12851,12851,12851,27980,27980,27983,27980,27982,27982,27983,27981,27984,27980,27981,27981,27985,27985,27986,27986,27987,27987,27991,27991]} 1. Nf3 c5 2. g3 Nc6 3. Bg2 g6 4. O-O Bg7 5. e4 e5 6. c3 Nge7 7. a3 d6 8. b4 a6 9. d3 O-O 10. Nbd2 {A04: Unusual lines after 1 Nf3 and King's Indian Attack} h6 (10... Be6 11. Ng5 Bd7 12. Nc4 h6 13. Nxd6 hxg5 14. Nxb7 Qc8 15. Nxc5 g4 16. Bg5 Re8 17. Qb3 Nd8 {0-1 (47) Petrosian,T (2601)-Carlsen,M (2837) Riadh 2017}) 11. Rb1 Be6 12. bxc5 $146 {The position is equal.} ({Predecessor:} 12. Re1 b6 13. Nc4 Rb8 14. bxc5 bxc5 15. Rxb8 Qxb8 16. Qa4 a5 17. Nfd2 Qc7 {½-½ (61) Amin,B (2693)-Bok,B (2607) Wijk aan Zee 2018}) 12... dxc5 13. Qc2 Na5 14. a4 Rb8 15. Ba3 b6 16. Rb2 Nec6 17. Rfb1 Qc7 18. Nf1 Rfd8 19. Ne3 Bf8 20. Bf1 Qa7 (20... Rd7 $11) 21. Nd2 ({White should try} 21. Qe2 $14) 21... Rb7 22. Ndc4 {[%cal Rc4b6]} Rdb8 23. Nxa5 Nxa5 24. d4 cxd4 (24... b5 {is more complex.} 25. axb5 axb5 26. Bxc5 Bxc5 27. dxc5 Qxc5 28. Nd5 Bxd5 29. exd5 Nc4) 25. Bxf8 Kxf8 (25... Rxf8 $14 26. cxd4 exd4) 26. cxd4 $16 exd4 27. Nd5 Bxd5 (27... b5 $142) 28. exd5 b5 $2 (28... Rd7 $16) 29. axb5 $18 axb5 30. Bxb5 ({Less strong is} 30. Rxb5 Rxb5 31. Bxb5 (31. Rxb5 Rxb5 32. Bxb5 Qb6 $14) 31... Qb6 $16) (30. Ra1 $142) 30... Rd8 {[#]} 31. Ra2 ({White should play} 31. Qd2 $1 $18) 31... Qb6 $2 (31... Rdb8 $16 {was worth a try.} 32. Qe2 Qb6) 32. Raa1 Ra7 $2 (32... Qxb5 {was necessary.} 33. Rxb5 Rxb5) 33. Qd2 $2 (33. Bf1 $18 {and White stays clearly on top.} Qd6 34. Qd2) 33... Rxd5 $16 34. Qxh6+ Kg8 35. Bc6 Nxc6 36. Rxb6 {Rxa7 would kill now.} Rxa1+ 37. Kg2 Nd8 38. Qh4 Ra7 39. Qe4 Rad7 40. Rb5 R5d6 41. Qd3 $36 {[%mdl 2048] White has strong initiative.} Ne6 42. h4 Rd5 43. Kf1 Rxb5 44. Qxb5 {[%mdl 4096] Endgame KQ-KRN} Rd8 45. Ke2 d3+ (45... Ra8 $16 46. h5 Ra2+ 47. Kf3 gxh5 48. Qxh5 Kf8) 46. Kd1 d2 47. h5 gxh5 48. Qxh5 Kf8 49. f4 {Black must now prevent f5.} f6 50. Qh7 {Strongly threatening g4.} Rd6 51. g4 Ke8 52. Qh2 {Threatens to win with f5.} Ke7 53. Qh6 {Hoping for g5.} Nd8 54. Qh7+ Ke8 55. g5 (55. Qg6+ $16 Kd7 56. Qh7+ Ke6 57. Qe4+ Kf7 58. g5 fxg5 59. fxg5) 55... fxg5 $14 {[#]} 56. fxg5 (56. Qg8+ $1 $16 Kd7 57. Qh7+ (57. fxg5 Nc6 $18) (57. Qxg5 Nf7 $18) 57... Ke6 58. Qe4+ Kf7 59. Qf5+ Rf6 60. Qh7+ Ke8 61. fxg5) 56... Ne6 $11 57. g6 Kd8 $2 {[%mdl 8192]} (57... Rd7 $11 58. Qh8+ Ke7) 58. Qf7 $18 Rc6 59. Kxd2 Rd6+ 60. Ke3 Rc6 61. g7 Nxg7 62. Qxg7 {KQ-KR. White mates.} Rc7 63. Qf6+ Kd7 64. Kd4 Rc6 65. Qf5+ Kc7 66. Qe4 Kd7 67. Qh7+ Kd6 68. Qf7 Rb6 69. Qd5+ Kc7 70. Kc5 Rb7 71. Qe4 {Accuracy: White = 62%, Black = 45%.} 1-0

[Event "VI Sunway Sitges Open 2019"]
[Site "Sitges"]
[Date "2019.12.20"]
[Round "8.17"]
[White "Girish, A. Koushik"]
[Black "Praggnanandhaa R"]
[Result "1/2-1/2"]
[WhiteElo "2506"]
[BlackElo "2586"]
[Annotator "ChessBase"]
[PlyCount "48"]
[EventDate "2019.12.13"]
[EventType "swiss"]
[EventCountry "ESP"]
[SourceTitle "playchess.com"]
[Source "ChessBase"]
[SourceQuality "1"]
[TimeControl "40/5400+30:1800+30"]

1. d4 {[%emt 0:00:00]} Nf6 {[%emt 0:00:00]} 2. c4 {[%emt 0:00:00]} e6 {[%emt 0:00:03]} 3. Nf3 {[%emt 0:00:09]} d5 {[%emt 0:00:07]} 4. g3 {[%emt 0:02:12]} Bb4+ {[%emt 0:03:04]} 5. Bd2 {[%emt 0:00:08]} Bd6 {[%emt 0:00:15]} 6. Nc3 {[%emt 0:00:10]} O-O {[%emt 0:03:57]} 7. Bg5 {[%emt 0:06:55]} c6 {[%emt 0:01:27]} 8. Bxf6 {[%emt 0:00:55]} Qxf6 {[%emt 0:00:36]} 9. Qb3 {[%emt 0:00:42]} Nd7 {[%emt 0:15:08]} 10. Bg2 {[%emt 0:00:18]} Qe7 {[%emt 0:03:42]} 11. O-O {[%emt 0:02:09]} f5 {[%emt 0:05:18]} 12. e3 {[%emt 0:05:38]} Nf6 {[%emt 0:03:51]} 13. Qc2 {[%emt 0:05:00]} Bd7 {[%emt 0:07:33]} 14. Ne2 {[%emt 0:03:49]} Be8 {[%emt 0:09:24]} 15. Nf4 {[%emt 0:01:01]} Ne4 {[%emt 0:06:46]} 16. Nd3 {[%emt 0:03:07]} Rf6 {[%emt 0:04:35]} 17. Nfe5 {[%emt 0:03:57]} Rh6 {[%emt 0:01:28]} 18. c5 {[%emt 0:09:54]} Bc7 {[%emt 0:00:24]} 19. b4 {[%emt 0:03:50]} Nf6 {[%emt 0:03:17]} 20. f4 {[%emt 0:14:48]} Nd7 {[%emt 0:10:28]} 21. Nf3 {[%emt 0:11:03]} Nf6 {[%emt 0:05:25]} 22. Nfe5 {[%emt 0:01:29]} Nd7 {[%emt 0:04:30]} 23. Nf3 {[%emt 0:03:27]} Nf6 {[%emt 0:00:33]} 24. Nfe5 {[%emt 0:00:19]} Nd7 {[%emt 0:00:10]} 1/2-1/2

[Event "VI Sunway Sitges Open 2019"]
[Site "Sitges"]
[Date "2019.12.20"]
[Round "8.18"]
[White "Gines Esteo, Pedro Antonio"]
[Black "Peralta, Fernando"]
[Result "1/2-1/2"]
[WhiteElo "2483"]
[BlackElo "2577"]
[Annotator "ChessBase"]
[PlyCount "88"]
[EventDate "2019.12.13"]
[EventType "swiss"]
[EventCountry "ESP"]
[SourceTitle "playchess.com"]
[Source "ChessBase"]
[SourceQuality "1"]
[TimeControl "40/5400+30:1800+30"]

1. Nf3 {[%emt 0:12:56]} Nf6 {[%emt 0:00:41]} 2. c4 {[%emt 0:01:28]} e6 {[%emt 0:00:21]} 3. b3 {[%emt 0:00:37]} d5 {[%emt 0:02:31]} 4. Bb2 {[%emt 0:00:12]} c5 {[%emt 0:01:35]} 5. cxd5 {[%emt 0:08:06]} exd5 {[%emt 0:00:35]} 6. g3 {[%emt 0:07:55]} Nc6 {[%emt 0:00:57]} 7. Bg2 {[%emt 0:00:47]} d4 {[%emt 0:05:16]} 8. O-O {[%emt 0:00:15]} Be7 {[%emt 0:00:23]} 9. e3 {[%emt 0:00:37]} O-O {[%emt 0:00:11]} 10. exd4 {[%emt 0:00:17]} cxd4 {[%emt 0:00:10]} 11. Na3 {[%emt 0:01:23]} Bg4 {[%emt 0:05:45]} 12. h3 {[%emt 0:16:42]} Bh5 {[%emt 0:00:11]} 13. g4 {[%emt 0:01:02]} Bg6 {[%emt 0:01:17]} 14. Nc4 {[%emt 0:02:15]} Nd5 {[%emt 0:19:08]} 15. Nfe5 {[%emt 0:04:50]} Nxe5 {[%emt 0:01:39]} 16. Nxe5 {[%emt 0:00:06]} Nf4 {[%emt 0:00:23]} 17. Qf3 {[%emt 0:01:17]} Nxg2 {[%emt 0:00:19]} 18. Qxg2 {[%emt 0:09:13]} Bf6 {[%emt 0:12:04]} 19. Nxg6 {[%emt 0:05:13]} hxg6 {[%emt 0:00:14]} 20. d3 {[%emt 0:03:57]} Qd7 {[%emt 0:04:36]} 21. Rfe1 {[%emt 0:05:46]} Qb5 {[%emt 0:09:39]} 22. Qf3 {[%emt 0:04:21]} Rfe8 {[%emt 0:02:25]} 23. Kg2 {[%emt 0:03:16]} a5 {[%emt 0:03:03]} 24. h4 {[%emt 0:04:09]} Bxh4 {[%emt 0:10:36]} 25. Bxd4 {[%emt 0:00:17]} Bg5 {[%emt 0:03:19]} 26. Be3 {[%emt 0:02:41]} Bxe3 {[%emt 0:08:01]} 27. Rxe3 {[%emt 0:00:01]} Rxe3 {[%emt 0:00:10]} 28. Qxe3 {[%emt 0:00:03]} Rd8 {[%emt 0:01:07]} 29. Rd1 {[%emt 0:02:46]} Rd5 {[%emt 0:02:29]} 30. Qf4 {[%emt 0:00:52]} Qe8 {[%emt 0:01:54]} 31. d4 {[%emt 0:00:42]} Qd8 {[%emt 0:01:31]} 32. Rd3 {[%emt 0:00:34]} g5 {[%emt 0:00:37]} 33. Qe4 {[%emt 0:00:16]} g6 {[%emt 0:00:29]} 34. Kf1 {[%emt 0:01:04]} Qd7 {[%emt 0:00:38]} 35. a4 {[%emt 0:00:44]} Kg7 {[%emt 0:00:30]} 36. Kg2 {[%emt 0:00:38]} b6 {[%emt 0:00:32]} 37. Kf1 {[%emt 0:00:11]} Qd8 {[%emt 0:02:15]} 38. Qe2 {[%emt 0:00:30]} Qd6 {[%emt 0:00:41]} 39. Kg2 {[%emt 0:00:34]} Qd7 {[%emt 0:00:34]} 40. Qd1 {[%emt 0:00:00]} Qd6 {[%emt 0:00:00]} 41. Qd2 {[%emt 0:01:49]} Qe6 {[%emt 0:06:30]} 42. Kg3 {[%emt 0:01:19]} Qd6+ {[%emt 0:09:19]} 43. Kg2 {[%emt 0:00:07]} Qe6 {[%emt 0:00:05]} 44. Kg3 {[%emt 0:00:06]} Qd6+ {[%emt 0:00:04]} 1/2-1/2